Normal view MARC view

Entry Topical Term

Number of records used in: 1

001 - CONTROL NUMBER

  • control field: 55517

003 - CONTROL NUMBER IDENTIFIER

  • control field: OSt

005 - DATE AND TIME OF LATEST TRANSACTION

  • control field: 20250722111723.0

008 - FIXED-LENGTH DATA ELEMENTS

  • fixed length control field: 250722|| aca||aabn | a|a d

040 ## - CATALOGING SOURCE

  • Original cataloging agency: OSt
  • Transcribing agency: OSt

150 ## - HEADING--TOPICAL TERM

  • Topical term or geographic name entry element: Migrant accommodation, Refugee camp, Social control, Legal informalism, Legal uncertainty, Discretion.

670 ## - SOURCE DATA FOUND

  • Source citation: Work cat.: (OSt): Leroy, Isabella 55516, Migrant reception centres and coercive social control: Rule by legal uncertainty?

Powered by Koha